00466nam a2200157 i 450000100060000000300090000600500170001500700030003200800410003510000330007624500450010926000530015430000320020760000480023985200210028739063ES-MaACL20250830063047.0t|030227s1920 ag ||||1| spa d1 aCalzada, Rafael, d1854-192913aLa patria de Colón / cRafael Calzada. aBuenos Aires : b[s.n.], c1920 (fTip. López) a258 p., 9 lám. ; c19 cm.14aColón, Cristóbal-xLugar de nacimiento. aES-MaACLjF-9995